Grossherzoglich Hessisches Landesmuseum in Darmstadt (Record no. 6964)

MARC details
000 -CABECERA
campo de control de longitud fija 00800nam a2200241 a 4500
001 - NÚMERO DE CONTROL
campo de control BRCA_7286
005 - FECHA Y HORA DE LA ÚLTIMA TRANSACCIÓN
campo de control 20190320205800.0
008 - DATOS DE LONGITUD FIJA--INFORMACIÓN GENERAL
campo de control de longitud fija 140312s1914----gw-a######---#000-0#ger-#
041 ## - CÓDIGO DE LENGUA
Código de lengua del texto/banda sonora o título independiente ger
044 ## - CÓDIGO DEL PAÍS DE LA ENTIDAD EDITORA/PRODUCTORA
Código MARC del país gw
050 #4 - SIGNATURA TOPOGRÁFICA DE LA BIBLIOTECA DEL CONGRESO
Número de clasificación ND565
Número de documento/Ítem .G76 1914
245 10 - MENCIÓN DE TÍTULO
Título Grossherzoglich Hessisches Landesmuseum in Darmstadt
Resto del título Verzeichnis der Gemälde
Mención de responsabilidad, etc. bearbeitet von F. Back.
260 ## - PUBLICACIÓN, DISTRIBUCIÓN, ETC.
Lugar de publicación, distribución, etc. Darmstadt, Hesse, Alemania
Nombre del editor, distribuidor, etc. [F. Back]
Fecha de publicación, distribución, etc. 1914
300 ## - DESCRIPCIÓN FÍSICA
Extensión xxiii, 259 p.
Otras características físicas il., 112 láminas
Dimensiones 19 cm.
500 ## - NOTA GENERAL
Nota general Incluye índice de abreviaturas
500 ## - NOTA GENERAL
Nota general En la portada tiene una firma (no legible) y el año 1916
500 ## - NOTA GENERAL
Nota general E187
650 14 - PUNTO DE ACCESO ADICIONAL DE MATERIA--TÉRMINO DE MATERIA
Término de materia o nombre geográfico como elemento de entrada Pintura alemana
Subdivisión de forma Catálogos
9 (RLIN) 18028
650 14 - PUNTO DE ACCESO ADICIONAL DE MATERIA--TÉRMINO DE MATERIA
Término de materia o nombre geográfico como elemento de entrada Pintores alemanes
9 (RLIN) 797
700 1# - PUNTO DE ACCESO ADICIONAL--NOMBRE DE PERSONA
Nombre de persona Back, Friedrich
Fechas asociadas al nombre 1833-1901
Término indicativo de función/relación Editor
9 (RLIN) 18029
902 ## - CATALOGADOR
Iniciales GFM
942 ## - ELEMENTOS DE PUNTO DE ACCESO ADICIONAL (KOHA)
Fuente del sistema de clasificación o colocación Library of Congress Classification
Tipo de ítem Koha Libros
Holdings
Estado de retiro Estado de pérdida Estado dañado No para préstamo Localización permanente Ubicación/localización actual Fecha de adquisición Número de inventario Total de préstamos Signatura topográfica completa Código de barras Fecha visto por última vez Precio válido a partir de Tipo de ítem Koha
El ejemplar forma parte de la colección y puede ser consultado según las políticas vigentes.       Biblioteca del Museo Franz Mayer (Rogerio Casas-Alatriste) Biblioteca del Museo Franz Mayer (Rogerio Casas-Alatriste) 14/03/2012 E187   ND565 .G76 1914 (E187) 7869 22/03/2019 22/03/2019 Libros